| 000 | 00609nam a2200241Ia 4500 | ||
|---|---|---|---|
| 008 | 171025s9999 xx 000 0 und d | ||
| 020 | _a9789380921495 | ||
| 050 | _a658.4 | ||
| 050 | _bJ83 2011 | ||
| 100 | _aJoshi, Shivani | ||
| 245 | _aManagement information system / | ||
| 245 | _cby Shivani Joshi. | ||
| 260 | _aNew Delhi, India : | ||
| 260 | _bCentrum Press, | ||
| 260 | _c2011 | ||
| 300 | _a296 pages : | ||
| 300 | _billustrations ; | ||
| 300 | _c21cm. | ||
| 500 | _aIncludes index. | ||
| 650 | _aExecutive management. | ||
| 650 | _aManagement information system. | ||
| 700 | _aTitle. | ||
| 999 |
_c344568 _d344568 |
||